[Event "Chigorin Mem Blitz 2015"]
[Site "St Petersburg RUS"]
[Date "2015.10.02"]
[Round "10.5"]
[White "Matsenko, Sergei"]
[Black "Rozum, Ivan"]
[Result "1-0"]
[WhiteTitle "IM"]
[BlackTitle "GM"]
[WhiteElo "2531"]
[BlackElo "2547"]
[WhiteFideId "4170083"]
[BlackFideId "24104272"]
[EventDate "2015.10.02"]

1. Nf3 Nf6 2. c4 b6 3. g3 Bb7 4. Bg2 e6 5. Nc3 Be7 6. O-O O-O 7. d4 Ne4 8. Qc2
Nxc3 9. Qxc3 f5 10. Rd1 Bf6 11. Ne5 Bxg2 12. Kxg2 d6 13. Qf3 d5 14. b3 c6 15.
Ba3 Re8 16. Rac1 a5 17. cxd5 cxd5 18. Rc2 Bxe5 19. dxe5 Qd7 20. Rdc1 Na6 21. Qd3
h6 22. Bd6 Ra7 23. a4 Raa8 24. Qd4 b5 25. Rc6 bxa4 26. bxa4 Nb4 27. Rc7 Qxa4 28.
Rb7 Kh8 29. Rcc7 Rg8 30. Qh4 Kh7 31. Qf6 1-0

[Event "Chigorin Mem Blitz 2015"]
[Site "St Petersburg RUS"]
[Date "2015.10.02"]
[Round "10.6"]
[White "Belous, Vladimir"]
[Black "Iljiushenok, Ilia"]
[Result "1-0"]
[WhiteTitle "GM"]
[BlackTitle "IM"]
[WhiteElo "2566"]
[BlackElo "2491"]
[WhiteFideId "4174003"]
[BlackFideId "24105074"]
[EventDate "2015.10.02"]

1. c4 e5 2. g3 Nf6 3. Bg2 d5 4. cxd5 Nxd5 5. Nc3 Nb6 6. d3 Be7 7. Be3 O-O 8. Rc1
Re8 9. a3 Bf8 10. Qd2 h6 11. h4 Nc6 12. Bxc6 bxc6 13. Ne4 f5 14. Nc5 Nd5 15. Nf3
f4 16. gxf4 exf4 17. Bd4 Bg4 18. Ne5 Bh5 19. Nxc6 Qd6 20. Ne4 Qg6 21. f3 Qg2 22.
Rg1 Qh2 23. Qa5 Ne3 24. Nf6+ Kh8 25. Qxh5 Qxg1+ 26. Kd2 Nf1+ 27. Kc3 Ng3 28.
Rxg1 Nxh5 29. Nxh5 Rxe2 30. Nxg7 Kh7 31. Nh5 Re6 32. Nf6+ Rxf6 33. Bxf6 Re8 34.
Nd4 c5 35. Nc2 Re6 36. Bd8 Bg7+ 37. Kb3 Rd6 38. Ba5 Rxd3+ 39. Bc3 Bxc3 40. bxc3
Rxf3 41. Kc4 Rh3 42. Rg4 f3 43. Rf4 Rh2 44. Ne3 f2 45. Kxc5 Rh3 46. Kd4 1-0

[Event "Chigorin Mem Blitz 2015"]
[Site "St Petersburg RUS"]
[Date "2015.10.02"]
[Round "10.7"]
[White "Bodnaruk, Anastasia"]
[Black "Eliseev, Urii"]
[Result "0-1"]
[WhiteTitle "IM"]
[BlackTitle "GM"]
[WhiteElo "2459"]
[BlackElo "2536"]
[WhiteFideId "4181751"]
[BlackFideId "24131920"]
[EventDate "2015.10.02"]

1. e4 c5 2. Nf3 d6 3. d4 Nf6 4. Nc3 cxd4 5. Nxd4 Nc6 6. Bc4 Qb6 7. Nb3 e6 8. O-O
a6 9. a4 Qc7 10. Bd3 Be7 11. f4 b6 12. Be3 Bb7 13. Qe2 O-O 14. g4 Nb4 15. g5 Nd7
16. Qh5 g6 17. Qh3 d5 18. e5 Nc5 19. Nd4 Ncxd3 20. cxd3 Nxd3 21. Rf3 Rfe8 22.
Qf1 Nxb2 23. Rc1 Nc4 24. Bf2 Nd2 25. Qe2 Nxf3+ 26. Qxf3 Rac8 27. h4 Qc4 28. h5
Bc5 29. Nce2 Qxa4 30. hxg6 hxg6 31. Rb1 a5 32. Nb5 Ba6 33. Nd6 Bxe2 34. Qxe2
Qxf4 35. Nxe8 Bxf2+ 36. Qxf2 Qxg5+ 37. Qg2 Qe3+ 38. Qf2 Qg5+ 39. Qg2 Qxg2+ 40.
Kxg2 Rxe8 41. Rxb6 Ra8 0-1

[Event "Chigorin Mem Blitz 2015"]
[Site "St Petersburg RUS"]
[Date "2015.10.02"]
[Round "10.8"]
[White "Popov, Valerij"]
[Black "Kozionov, Kirill"]
[Result "1-0"]
[WhiteTitle "GM"]
[BlackTitle "IM"]
[WhiteElo "2525"]
[BlackElo "2409"]
[WhiteFideId "4119410"]
[BlackFideId "24101729"]
[EventDate "2015.10.02"]

1. Nf3 d5 2. c4 d4 3. g3 Nc6 4. Bg2 e5 5. O-O e4 6. Ne1 Nf6 7. d3 exd3 8. exd3
Be7 9. Nc2 h6 10. b4 Bg4 11. Qd2 O-O 12. Bb2 Qd7 13. b5 Ne5 14. f4 Ng6 15. Bxd4
c6 16. bxc6 bxc6 17. Nc3 Rad8 18. Rae1 c5 19. Bxf6 Bxf6 20. Nd5 Qd6 21. h3 Bc8
22. Qa5 Ne7 23. Nce3 Nc6 24. Qd2 Bd4 25. Kh2 Qd7 26. Ng4 Qd6 27. f5 h5 28. Nf2
h4 29. Ne4 Qb8 30. Qg5 hxg3+ 31. Kh1 Rd6 32. f6 g6 33. Qh6 Bxf6 34. Nexf6+ 1-0

[Event "Chigorin Mem Blitz 2015"]
[Site "St Petersburg RUS"]
[Date "2015.10.02"]
[Round "10.9"]
[White "Goganov, Aleksey"]
[Black "Yanchenko, Roman"]
[Result "1-0"]
[WhiteTitle "GM"]
[BlackTitle "FM"]
[WhiteElo "2603"]
[BlackElo "2370"]
[WhiteFideId "24109959"]
[BlackFideId "4137329"]
[EventDate "2015.10.02"]

1. e4 e6 2. d4 d5 3. Nc3 Bb4 4. e5 Ne7 5. a3 Bxc3+ 6. bxc3 c5 7. Qg4 O-O 8. Bd3
b6 9. Nf3 Ng6 10. h4 c4 11. Bxg6 fxg6 12. h5 Qe8 13. h6 gxh6 14. Bxh6 Rf5 15.
Ng5 Qe7 16. Qh4 Nc6 17. g4 Rf7 18. Nxf7 Qxh4 19. Rxh4 Kxf7 20. Bg5 Kg8 21. Kd2
a6 22. Rh3 Ra7 23. Rf3 Rg7 24. Bh6 Rf7 25. Rxf7 Kxf7 26. a4 Nb8 27. Rb1 Nd7 28.
Bg5 Bb7 29. Bd8 Bc6 30. Bxb6 Bxa4 31. Bd8 Bb5 32. Rh1 Kg7 33. f4 Nf8 34. Be7 Nd7
35. f5 exf5 36. gxf5 gxf5 37. e6 Nf8 38. Bxf8+ Kxf8 39. Rxh7 Ke8 40. Ke3 Ba4 41.
Kf4 Bxc2 42. Ra7 a5 43. Ke5 f4 1-0

[Event "Chigorin Mem Blitz 2015"]
[Site "St Petersburg RUS"]
[Date "2015.10.02"]
[Round "10.10"]
[White "Gubajdullin, Alexei"]
[Black "Sandipan, Chanda"]
[Result "1-0"]
[WhiteTitle "FM"]
[BlackTitle "GM"]
[WhiteElo "2359"]
[BlackElo "2567"]
[WhiteFideId "4141202"]
[BlackFideId "5004225"]
[EventDate "2015.10.02"]

1. Nf3 d5 2. e3 Nf6 3. b3 Bg4 4. Bb2 e6 5. h3 Bh5 6. g4 Bg6 7. Ne5 Nfd7 8. Nxg6
hxg6 9. Bg2 c6 10. d3 Na6 11. Nd2 Nc7 12. Qe2 a5 13. a3 Rh7 14. f4 Bd6 15. Nf3
f6 16. g5 Qe7 17. d4 f5 18. c4 Qf7 19. c5 Be7 20. a4 Na6 21. Bc3 Bd8 22. Qd2 Qf8
23. Ke2 Kf7 24. Rh2 Bc7 25. h4 Qb8 26. Rah1 b6 27. cxb6 Qxb6 28. Qd1 c5 29. h5
gxh5 30. Rxh5 Rxh5 31. Rxh5 Rb8 32. g6+ Kxg6 33. Rg5+ Kf7 34. dxc5 Qxb3 35.
Rxg7+ Ke8 36. Qh1 Qxc3 37. Qh8+ Nf8 38. Re7+ Kxe7 39. Qxc3 Kf7 40. Ng5+ Kg6 41.
Qh8 Nxc5 42. Qg8+ Kh5 43. Bf3+ Kh4 44. Qh8+ 1-0

[Event "Chigorin Mem Blitz 2015"]
[Site "St Petersburg RUS"]
[Date "2015.10.02"]
[Round "10.11"]
[White "Levin, Evgeny A."]
[Black "Arslanov, Shamil"]
[Result "1-0"]
[WhiteTitle "GM"]
[BlackTitle "IM"]
[WhiteElo "2508"]
[BlackElo "2416"]
[WhiteFideId "4182596"]
[BlackFideId "4192826"]
[EventDate "2015.10.02"]

1. d4 c5 2. d5 d6 3. e4 Nf6 4. Nc3 g6 5. Bb5+ Bd7 6. a4 Bg7 7. Nf3 O-O 8. h3
Bxb5 9. axb5 Nbd7 10. O-O Nb6 11. Bg5 Nfd7 12. Qe2 a6 13. bxa6 bxa6 14. Rxa6
Rxa6 15. Qxa6 Bxc3 16. bxc3 f6 17. Bh6 Qa8 18. Ra1 Qxa6 19. Rxa6 Ra8 20. Rxa8+
Nxa8 21. Be3 Nab6 22. Kf1 Kg7 23. Nd2 Na4 24. Nb1 f5 25. Bg5 Kf7 26. f3 fxe4 27.
fxe4 Nf6 28. Bxf6 Kxf6 29. Ke2 Ke5 30. Ke3 Nb2 31. Nd2 Nd1+ 32. Kd3 Kf4 33. Nc4
Nf2+ 34. Ke2 Nxe4 35. Kd3 Nf6 36. Ne3 Kg3 37. Ke2 Kf4 38. Kd3 Nd7 39. Ke2 Ke4
40. c4 Kd4 41. Kd2 Ne5 42. c3+ Ke4 43. Ke2 Nd3 44. Kd2 Nf4 45. h4 h5 46. g4 hxg4
47. Nxg4 Kf3 48. Nh6 Kg3 49. Ng8 Kxh4 50. Nxe7 g5 51. Nf5+ Kh3 52. Nxd6 g4 53.
Ne4 g3 54. Nxg3 Kxg3 55. Ke3 Kg4 56. Ke4 Ne2 57. d6 Nf4 58. d7 Ne6 59. Kd5 Nd8
60. Kd6 1-0

[Event "Chigorin Mem Blitz 2015"]
[Site "St Petersburg RUS"]
[Date "2015.10.02"]
[Round "10.12"]
[White "Bok, Benjamin"]
[Black "Ushenina, Anna"]
[Result "1/2-1/2"]
[WhiteTitle "GM"]
[BlackTitle "GM"]
[WhiteElo "2591"]
[BlackElo "2426"]
[WhiteFideId "1017063"]
[BlackFideId "14110911"]
[EventDate "2015.10.02"]

1. e4 c5 2. Nf3 d6 3. d4 cxd4 4. Nxd4 Nf6 5. Nc3 a6 6. Be3 e6 7. f3 b5 8. Qd2
Bb7 9. a4 bxa4 10. Nxa4 Nbd7 11. c4 Be7 12. Be2 O-O 13. O-O Rc8 14. Rfd1 Ne5 15.
Rac1 Nfd7 16. b4 Rc7 17. Nb3 Qc8 18. Na5 Ba8 19. Nb6 Nxb6 20. Bxb6 Rd7 21. Kh1
Bd8 22. Bd4 Nc6 23. Nxc6 Bxc6 24. b5 Bb7 25. Bb2 axb5 26. cxb5 Qb8 27. Ba3 Be7
28. b6 d5 29. Bxe7 Rxe7 30. exd5 Bxd5 31. Rb1 Qb7 32. Qe3 Rb8 33. h3 Rd7 34. Rd2
h6 35. Rdb2 Rd6 36. Bd3 Qd7 37. Be4 Bb7 38. Bxb7 Rxb7 39. Qc5 Qc6 40. Qxc6 Rxc6
41. Kg1 Kf8 42. Kf2 Ke7 43. Ke3 Rd6 44. Ke4 f6 45. Ke3 Kd7 46. Rb3 Ke7 47. h4 h5
48. Rb5 g6 49. g4 hxg4 50. fxg4 e5 51. g5 Rc6 52. Ke4 Ke6 53. gxf6 Rc4+ 54. Kd3
Rd4+ 55. Kc3 Rd6 56. Re1 Rbxb6 57. Rexe5+ Kxf6 58. Rxb6 Rxb6 59. Rd5 Re6 60. Kd3
Kg7 61. h5 gxh5 62. Rxh5 Kg6 63. Rd5 Kf6 64. Kd4 Re7 65. Rd6+ Re6 66. Rxe6+ Kxe6 1/2-1/2

[Event "Chigorin Mem Blitz 2015"]
[Site "St Petersburg RUS"]
[Date "2015.10.02"]
[Round "11.1"]
[White "Alekseev, Evgeny"]
[Black "Lintchevski, Daniil"]
[Result "0-1"]
[WhiteTitle "GM"]
[BlackTitle "GM"]
[WhiteElo "2642"]
[BlackElo "2562"]
[WhiteFideId "4138147"]
[BlackFideId "4171055"]
[EventDate "2015.10.02"]

1. e4 c5 2. Nf3 e6 3. c3 d5 4. exd5 exd5 5. d4 Nf6 6. Bb5+ Bd7 7. Bxd7+ Nbxd7 8.
O-O Be7 9. dxc5 Nxc5 10. Be3 O-O 11. Nbd2 Qd7 12. Nb3 Nce4 13. Nfd4 Ng4 14. Bf4
Ngf6 15. f3 Nd6 16. Qc2 Rfe8 17. Rfe1 Bf8 18. Bg3 b6 19. Nd2 Rxe1+ 20. Rxe1 Re8
21. Nf1 Rxe1 22. Bxe1 Nc4 23. b3 Ne5 24. Bg3 Nc6 25. Bf2 Bc5 26. Qd2 h6 27. Ng3
Bxd4 28. Bxd4 Qe6 29. Bf2 Qe5 30. h3 Kh7 31. Qd3+ Kg8 32. Ne2 Qe6 33. Qd2 Qf5
34. Ng3 Qb1+ 35. Kh2 Qg6 36. Ne2 Qf5 37. Bg3 Qe6 38. Bf4 Nh5 39. Be3 Nf6 40. Nd4
Nxd4 41. Qxd4 Nd7 42. Bf4 Qc6 43. Bg3 f6 44. Qe3 Kf7 45. Kg1 Nc5 46. Bf2 Ne6 47.
Qd2 h5 48. h4 Qb5 49. Be3 Qc6 50. Qd3 g6 51. Qd2 Qb5 52. Kf2 Qc6 53. Bd4 Qc7 54.
Qh6 Qf4 55. Qxf4 Nxf4 56. Be3 Ne6 57. Ke2 Ke7 58. Kd3 Kd7 59. Kd2 Kc6 60. Kd3 a6
61. g3 b5 62. Bd4 f5 63. Be5 Nc5+ 64. Ke3 Ne6 65. Bd4 Kd6 66. f4 Kc6 67. Be5 Nc5
68. Bd4 Ne4 69. Kf3 a5 70. Bf2 Nxc3 71. a3 Nb1 72. a4 Nd2+ 73. Ke2 Nxb3 0-1

[Event "Chigorin Mem Blitz 2015"]
[Site "St Petersburg RUS"]
[Date "2015.10.02"]
[Round "11.2"]
[White "Matsenko, Sergei"]
[Black "Pridorozhni, Aleksei"]
[Result "0-1"]
[WhiteTitle "IM"]
[BlackTitle "GM"]
[WhiteElo "2531"]
[BlackElo "2575"]
[WhiteFideId "4170083"]
[BlackFideId "4127870"]
[EventDate "2015.10.02"]

1. Nf3 e6 2. c4 b6 3. Nc3 Bb7 4. g3 f5 5. Bg2 Nf6 6. O-O Be7 7. d3 O-O 8. e4
fxe4 9. Ng5 Nc6 10. Ngxe4 Nxe4 11. Bxe4 Bf6 12. Qh5 g6 13. Qh3 Na5 14. Bh6 Rf7
15. Rae1 Bxe4 16. Rxe4 Nc6 17. Be3 Qf8 18. d4 Ne7 19. Bh6 Bg7 20. Bxg7 Qxg7 21.
d5 exd5 22. cxd5 Nf5 23. Rfe1 Raf8 24. Qg4 Qf6 25. R1e2 Qd6 26. Qf4 Qxf4 27.
Rxf4 Nd6 28. Rxf7 Kxf7 29. Kg2 c5 30. dxc6 dxc6 31. f4 Re8 32. Rxe8 Nxe8 33. Kf3
Ke6 34. g4 a5 35. Ne4 h6 36. Ke3 Nc7 37. Nc3 Nd5+ 38. Nxd5 Kxd5 39. Kd3 b5 40.
b3 c5 41. a4 b4 42. f5 gxf5 43. gxf5 c4+ 44. bxc4+ Ke5 0-1

[Event "Chigorin Mem Blitz 2015"]
[Site "St Petersburg RUS"]
[Date "2015.10.02"]
[Round "11.3"]
[White "Demchenko, Anton"]
[Black "Amonatov, Farrukh"]
[Result "0-1"]
[WhiteTitle "GM"]
[BlackTitle "GM"]
[WhiteElo "2595"]
[BlackElo "2591"]
[WhiteFideId "4160258"]
[BlackFideId "14700077"]
[EventDate "2015.10.02"]

1. e4 c5 2. Nf3 d6 3. d4 cxd4 4. Nxd4 Nf6 5. Nc3 a6 6. h3 e5 7. Nde2 h5 8. g3
Be7 9. Bg2 Nbd7 10. a4 b6 11. Be3 Bb7 12. O-O Rc8 13. Qd2 O-O 14. Rfd1 Nc5 15.
f3 h4 16. g4 Ne6 17. Rac1 Nd7 18. Kh1 Bc6 19. b3 Bb7 20. Na2 Re8 21. c4 Ndc5 22.
Rb1 Rc7 23. Nac3 Bg5 24. b4 Bxe3 25. Qxe3 Nd7 26. Rxd6 Rxc4 27. Rbd1 Rc7 28. Qd2
Re7 29. Rxb6 Qc8 30. Rd6 Nf6 31. b5 axb5 32. axb5 Re8 33. Bf1 Nd4 34. Bg2 Nxe2
35. Nxe2 Rc2 36. Qe3 Qc4 37. Ng1 Ra8 38. b6 Raa2 39. R6d2 Ba6 40. Qf2 Rxd2 41.
Rxd2 Ra1 42. Rd8+ Kh7 43. Qxh4+ Kg6 44. Qf2 Ra2 45. Rd2 Ra1 46. h4 Rb1 47. h5+
Kh7 48. g5 Nxh5 49. Qh4 g6 50. Bh3 Qc5 51. Rg2 Qe3 52. Bg4 Qf4 53. Qh2 Kg7 54.
Bxh5 gxh5 55. Qxf4 exf4 56. Kh2 Rxb6 57. Nh3 Rb3 58. Rf2 Kg6 59. Nxf4+ Kxg5 60.
Nd5 Bb7 61. Ne7 Kf4 62. Kg2 h4 63. Nf5 h3+ 64. Kxh3 Bxe4 65. Nd4 Rd3 66. Ne2+
Ke3 67. Kg2 Rd2 68. fxe4 Rxe2 69. Rxe2+ Kxe2 70. e5 Ke3 71. Kg3 Ke4 72. e6 fxe6
73. Kf2 Kd3 74. Ke1 Ke3 75. Kd1 Kf2 76. Kd2 e5 77. Kd1 e4 78. Kd2 e3+ 0-1

[Event "Chigorin Mem Blitz 2015"]
[Site "St Petersburg RUS"]
[Date "2015.10.02"]
[Round "11.4"]
[White "Timofeev, Artyom"]
[Black "Gubajdullin, Alexei"]
[Result "1-0"]
[WhiteTitle "GM"]
[BlackTitle "FM"]
[WhiteElo "2539"]
[BlackElo "2359"]
[WhiteFideId "4140419"]
[BlackFideId "4141202"]
[EventDate "2015.10.02"]

1. c4 e6 2. Nc3 b6 3. e4 Bb7 4. d4 Bb4 5. f3 Bxc3+ 6. bxc3 Qh4+ 7. g3 Qe7 8. Bd3
d6 9. Ne2 Nf6 10. O-O O-O 11. g4 Nc6 12. Ng3 Nd7 13. f4 Na5 14. f5 f6 15. Nh5
exf5 16. gxf5 Qf7 17. Nf4 Rfe8 18. Ne6 Rxe6 19. fxe6 Qxe6 20. Bf4 Re8 21. Re1
Qf7 22. c5 Qg6+ 23. Bg3 Bxe4 24. Bxe4 Rxe4 25. cxd6 cxd6 26. Qf3 d5 27. Rxe4
Qxe4 28. Qxe4 dxe4 29. Kf2 Nc4 30. a4 f5 31. h4 Nf6 32. Bb8 a6 33. a5 b5 34. d5
Nxd5 35. Rd1 Nce3 36. Rd4 Kf7 37. Ba7 Ke6 38. Ke2 Nc4 39. Rd1 g6 40. Bd4 f4 41.
Rg1 f3+ 42. Kf2 Nf4 43. Rg4 Nd3+ 44. Kg3 f2 45. Kg2 Kf5 46. Rg5+ Kf4 47. Bxf2 e3
48. Bg3+ Ke4 49. Rg4+ Kd5 50. Rd4+ Kc5 51. Rxd3 h6 52. Kf3 Kc6 53. h5 g5 54. Rd4
Kc5 55. Ke2 b4 56. Kd3 Nb2+ 57. Kc2 bxc3 58. Re4 Nc4 59. Kxc3 Nxa5 60. Re5+ Kb6
61. Re6+ Kb5 62. Rxh6 Nc4 63. Re6 a5 64. h6 a4 65. h7 a3 66. h8=Q a2 67. Qb8+ 1-0

[Event "Chigorin Mem Blitz 2015"]
[Site "St Petersburg RUS"]
[Date "2015.10.02"]
[Round "11.5"]
[White "Novik, Maxim"]
[Black "Belous, Vladimir"]
[Result "0-1"]
[WhiteTitle "GM"]
[BlackTitle "GM"]
[WhiteElo "2484"]
[BlackElo "2566"]
[WhiteFideId "4102924"]
[BlackFideId "4174003"]
[EventDate "2015.10.02"]

1. Nf3 c5 2. g3 Nc6 3. Bg2 e5 4. e4 Nf6 5. Nc3 d6 6. d3 Be7 7. O-O O-O 8. Nd2
Nd4 9. h3 g6 10. a4 Re8 11. Nc4 Bf8 12. Bg5 Ne6 13. Bxf6 Qxf6 14. Nd5 Qd8 15. c3
Bg7 16. Qd2 b6 17. f4 exf4 18. gxf4 Bb7 19. f5 Nc7 20. Qf4 Nxd5 21. exd5 Be5 22.
Nxe5 dxe5 23. Qh6 Qf6 24. Be4 Qg7 25. Qxg7+ Kxg7 26. f6+ Kg8 27. c4 Rad8 28. h4
Bc8 29. Kh2 Bg4 30. Kg3 Bh5 31. a5 Rb8 32. axb6 axb6 33. Ra7 Red8 34. Rfa1 b5
35. b3 bxc4 36. bxc4 h6 37. Re7 Rd6 38. Rf1 Rbb6 39. Rxe5 Rxf6 40. Rxf6 Rxf6 41.
Re8+ Kg7 42. Rc8 Rf1 43. Rxc5 f5 44. Bg2 Rd1 45. Rc7+ Kf6 46. Rc6+ Ke5 47. Re6+
Kd4 48. Rc6 Rxd3+ 49. Kh2 f4 50. d6 f3 51. Bf1 Rd1 52. d7 Ke3 53. Rc8 Rxd7 54.
Kg3 Re7 55. c5 Re4 56. c6 Rg4+ 57. Kh3 Kf2 58. Rf8 Rg1 59. Bg2 Rxg2 60. c7 Bg4# 0-1

[Event "Chigorin Mem Blitz 2015"]
[Site "St Petersburg RUS"]
[Date "2015.10.02"]
[Round "11.7"]
[White "Iljin, Timofey"]
[Black "Popov, Valerij"]
[Result "0-1"]
[WhiteTitle "IM"]
[BlackTitle "GM"]
[WhiteElo "2266"]
[BlackElo "2525"]
[WhiteFideId "14110180"]
[BlackFideId "4119410"]
[EventDate "2015.10.02"]

1. d4 Nf6 2. c4 e6 3. Nc3 Bb4 4. e3 b6 5. Bd3 Bb7 6. Ne2 O-O 7. O-O d5 8. Qc2
dxc4 9. Bxc4 Nbd7 10. Rd1 Qe7 11. e4 e5 12. d5 a6 13. Ng3 g6 14. Bh6 Rfd8 15.
Bg5 Qe8 16. Qe2 Be7 17. Bh6 Bf8 18. Bg5 Be7 19. Bh6 b5 20. Bb3 Nc5 21. Bc2 Rac8
22. b4 Ncd7 23. a3 c6 24. d6 Bf8 25. Be3 Qe6 26. Rd3 Bxd6 27. Rad1 Be7 28. h3
Nf8 29. Bb3 Qxb3 30. Nd5 Qxd1+ 31. Rxd1 cxd5 32. exd5 Nxd5 33. Bh6 Nc3 34. Qxe5
Rxd1+ 35. Kh2 Ne6 36. Nf5 gxf5 37. Qg3+ Ng5 38. Bxg5 Ne4 39. Qe5 Bd6 0-1

[Event "Chigorin Mem Blitz 2015"]
[Site "St Petersburg RUS"]
[Date "2015.10.02"]
[Round "11.8"]
[White "Maletin, Pavel"]
[Black "Levin, Evgeny A."]
[Result "0-1"]
[WhiteTitle "GM"]
[BlackTitle "GM"]
[WhiteElo "2581"]
[BlackElo "2508"]
[WhiteFideId "4146786"]
[BlackFideId "4182596"]
[EventDate "2015.10.02"]

1. d4 Nf6 2. c4 e6 3. g3 c5 4. d5 exd5 5. cxd5 d6 6. Nc3 g6 7. Bg2 Bg7 8. Nf3
O-O 9. O-O Re8 10. Bf4 a6 11. a4 Ne4 12. Nxe4 Rxe4 13. Nd2 Rb4 14. Rb1 b5 15. b3
Qe7 16. Qc2 Nd7 17. e4 Ne5 18. h3 bxa4 19. bxa4 Rab8 20. Rxb4 Rxb4 21. Be3 Bd7
22. a5 Bb5 23. f4 Bxf1 24. Bxf1 Rb2 25. Qd1 Nd7 26. Bxa6 Ra2 27. Qb3 Rxa5 28.
Bd3 Qd8 29. Nc4 Ra1+ 30. Kg2 Qb8 31. Qxb8+ Nxb8 32. e5 Nd7 33. e6 Nf6 34. exf7+
Kxf7 35. Nxd6+ Ke7 36. Bxc5 Nd7 37. Nf5+ Kd8 38. Be7+ Ke8 39. Nxg7+ Kxe7 40. Ne6
Rd1 41. Be4 Nf6 42. Bf3 Rd2+ 43. Kg1 Nxd5 44. Bxd5 Rxd5 45. Ng5 h6 46. Nf3 Rd3
47. Kf2 Kf6 48. Ne5 Ra3 49. Ng4+ Kg7 50. Ne3 h5 51. Kf3 Kf6 52. Ke4 Ra4+ 53. Kf3
Ra1 54. Nd5+ Ke6 55. Ne3 Ra3 56. Ke4 Ra4+ 57. Kf3 Rd4 58. Ng2 Rd3+ 59. Ne3 Ra3
60. Ke4 Ra1 61. Kf3 Kd6 62. Nc4+ Kd5 63. Ne5 g5 64. Nd7 Ra3+ 65. Kf2 Ra2+ 66.
Kf3 Ra3+ 67. Kg2 gxf4 68. gxf4 h4 69. Nf6+ Kd4 70. Nh5 Ke4 71. Kh2 Ra2+ 72. Kg1
Kf3 73. f5 Ra1+ 74. Kh2 Ra2+ 75. Kg1 Rg2+ 76. Kh1 Rg5 77. Nf6 Rxf5 78. Ng4 Kg3
79. Ne3 Rf3 0-1

[Event "Chigorin Mem Blitz 2015"]
[Site "St Petersburg RUS"]
[Date "2015.10.02"]
[Round "11.9"]
[White "Rozum, Ivan"]
[Black "Tukhaev, Adam"]
[Result "1-0"]
[WhiteTitle "GM"]
[BlackTitle "GM"]
[WhiteElo "2547"]
[BlackElo "2569"]
[WhiteFideId "24104272"]
[BlackFideId "14109476"]
[EventDate "2015.10.02"]

1. Nf3 Nf6 2. g3 g6 3. Bg2 Bg7 4. O-O O-O 5. d4 d6 6. b3 a5 7. a3 Nbd7 8. Bb2 a4
9. b4 d5 10. Nbd2 c6 11. c4 dxc4 12. Nxc4 Nb6 13. Nfe5 Nxc4 14. Nxc4 Nd5 15. e4
Nc7 16. Qd2 Nb5 17. d5 cxd5 18. exd5 Bxb2 19. Qxb2 Nd6 20. Ne3 Bd7 21. h4 Rc8
22. Rac1 f6 23. Rc5 b6 24. Rcc1 Rxc1 25. Rxc1 Qb8 26. Nc2 Rc8 27. Re1 Nc4 28.
Qa2 Qd6 29. Nd4 Ne5 30. Nc6 Bxc6 31. dxc6+ Kf8 32. b5 Rd8 33. Rc1 Qc7 34. Qc2
Rd4 35. Rd1 Rxd1+ 36. Qxd1 Ke8 37. Qxa4 Nd3 38. Qc4 1-0

[Event "Chigorin Mem Blitz 2015"]
[Site "St Petersburg RUS"]
[Date "2015.10.02"]
[Round "11.10"]
[White "Stupak, Kirill"]
[Black "Volodin, Aleksandr"]
[Result "0-1"]
[WhiteTitle "GM"]
[BlackTitle "GM"]
[WhiteElo "2531"]
[BlackElo "2491"]
[WhiteFideId "13503758"]
[BlackFideId "4501950"]
[EventDate "2015.10.02"]

1. d4 Nf6 2. Nf3 c5 3. d5 b5 4. a4 b4 5. c4 d6 6. b3 g6 7. Bb2 Bg7 8. Nbd2 e5 9.
dxe6 fxe6 10. g3 O-O 11. Bg2 Bb7 12. O-O Qe7 13. Qc2 Nc6 14. Rad1 e5 15. e3 Rad8
16. Ng5 h6 17. Nge4 Ne8 18. h4 Nb8 19. Qd3 Bc8 20. Nf3 Bf5 21. Nh2 Kh8 22. g4
Bc8 23. Nxc5 Qxh4 24. Ne4 Bxg4 25. Nxg4 Qxg4 26. Ng3 Nf6 27. Qe2 Qxe2 28. Nxe2
Na6 29. Nc1 Nc5 30. Rd2 Nfe4 31. Rd5 Nc3 32. Bxc3 bxc3 33. a5 Rb8 34. Ne2 e4 35.
Rxd6 Rxb3 36. Rc6 Nd7 37. Bxe4 Ne5 38. Rc7 0-1

[Event "Chigorin Mem Blitz 2015"]
[Site "St Petersburg RUS"]
[Date "2015.10.02"]
[Round "11.11"]
[White "Matinian, Nikita"]
[Black "Andriasian, Zaven"]
[Result "0-1"]
[WhiteTitle "IM"]
[BlackTitle "GM"]
[WhiteElo "2473"]
[BlackElo "2591"]
[WhiteFideId "24129100"]
[BlackFideId "13302000"]
[EventDate "2015.10.02"]

1. e4 d6 2. d4 Nf6 3. Nc3 g6 4. f4 Bg7 5. Nf3 O-O 6. Bd3 c5 7. dxc5 dxc5 8. e5
Nd5 9. Nxd5 Qxd5 10. Qe2 Nc6 11. Be4 Qd8 12. O-O Bg4 13. c3 Qc7 14. Be3 Rad8 15.
h3 Be6 16. Ng5 Bd5 17. Bxd5 Rxd5 18. Qf3 Rd3 19. Qe4 Rfd8 20. Bxc5 h6 21. Nxf7
Kxf7 22. e6+ Kg8 23. b4 b6 24. Bd4 R3xd4 25. cxd4 Nxd4 26. Qxg6 Rf8 27. Rae1 Qd6
28. Kh1 Nf5 29. Qg4 Qxb4 30. Qf3 0-1

[Event "Chigorin Mem Blitz 2015"]
[Site "St Petersburg RUS"]
[Date "2015.10.02"]
[Round "11.12"]
[White "Iljiushenok, Ilia"]
[Black "Bok, Benjamin"]
[Result "0-1"]
[WhiteTitle "IM"]
[BlackTitle "GM"]
[WhiteElo "2491"]
[BlackElo "2591"]
[WhiteFideId "24105074"]
[BlackFideId "1017063"]
[EventDate "2015.10.02"]

1. d4 Nf6 2. c4 g6 3. f3 e6 4. Nc3 c5 5. d5 d6 6. e4 Bg7 7. Bg5 O-O 8. Qd2 exd5
9. cxd5 a6 10. a4 h6 11. Be3 Re8 12. Nge2 Nbd7 13. Nd1 Ne5 14. Nec3 g5 15. Be2
Nh5 16. O-O Qf6 17. g3 Bh3 18. Rf2 Qg6 19. Kh1 f5 20. exf5 Bxf5 21. g4 Bxg4 22.
fxg4 Nf6 23. h3 b5 24. axb5 axb5 25. Rxa8 Rxa8 26. Bxb5 Ne4 27. Nxe4 Qxe4+ 28.
Rg2 Ra1 29. Be2 Nf3 30. Bxf3 Qxf3 0-1

[Event "Chigorin Mem Blitz 2015"]
[Site "St Petersburg RUS"]
[Date "2015.10.02"]
[Round "12.1"]
[White "Pridorozhni, Aleksei"]
[Black "Lintchevski, Daniil"]
[Result "1/2-1/2"]
[WhiteTitle "GM"]
[BlackTitle "GM"]
[WhiteElo "2575"]
[BlackElo "2562"]
[WhiteFideId "4127870"]
[BlackFideId "4171055"]
[EventDate "2015.10.02"]

1. e4 c5 2. Nc3 e6 3. g3 d5 4. Bg2 Nf6 5. d3 Nc6 6. Nf3 dxe4 7. Nxe4 Nxe4 8.
dxe4 Qxd1+ 9. Kxd1 b6 10. c3 Ba6 11. Kc2 O-O-O 12. Bf1 Bb7 13. Be2 Be7 14. Be3
Rd7 15. Rhd1 Rhd8 16. Rxd7 Rxd7 17. Rd1 Rxd1 18. Kxd1 Kd7 19. Nd2 Bd6 20. f4 Bc7
21. Bd3 Ne7 22. Ke2 f5 23. a3 g6 24. Bf2 Bc6 25. b4 cxb4 26. cxb4 Bd6 27. Bd4
Bb7 28. Ke3 fxe4 29. Bxe4 Nf5+ 30. Kd3 Ba6+ 31. Kc3 Nxd4 32. Kxd4 Bf8 33. Bd3
Bg7+ 34. Ke3 Bb7 35. Be4 Ba6 36. Bd3 Bb7 37. Be4 1/2-1/2